000 00565nam a22001817a 4500
005 20251108164650.0
008 250721s1991 xx 000 0 ara d
082 1 4 _a519/زاي
100 1 _aزايد، مصطفى
245 1 0 _aالإحصاء و الإستقراء /
264 1 _aالقاهرة :
_bالمؤسسة العصرية للنشر و الترجمة،
_c1991.
300 _aج2.
650 1 7 _aالإحصاء الوصفي
650 1 7 _aنظرية الإحتمالات
650 1 7 _aالإحصاء الرياضي
942 _2ddc
_cBK
999 _c11291
_d11291